000 00795nam a2200241 a 4500
999 _c449337
_d449337
003 BLK
005 20240720155453.0
008 200311b bul|||||r ||||||| ||bul||
040 _aBLK
041 _aBUL
_cBUL
080 _aБългарска литература
_b821.163.2
_x-31
_z821.163.2-31
100 1 _aЯгодов, Марий
_qБочев, Мартин Петров
_9145140
139 _aЯгодов, Марий
245 1 0 _aАнтина и ветровете
_b
_cМарий Ягодов
257 _aBGR
260 _aСофия
_bБългарски писател
_c1963
_9460676
300 _a388 с.
_c23 см
380 _aX
852 _aЦб 26073
_bЦб
942 _cKNG
_n0
_s1
944 _aCR
_c2022-03-17
_k30560
_lГеновева Генчева
999 _d392773